MARC details
| 000 -CABECERA |
| campo de control de longitud fija |
01145nam a2200265 a 4500 |
| 001 - NÚMERO DE CONTROL |
| campo de control |
000037638 |
| 003 - IDENTIFICADOR DEL NÚMERO DE CONTROL |
| campo de control |
DO-SdBNP |
| 005 - FECHA Y HORA DE LA ÚLTIMA TRANSACCIÓN |
| campo de control |
20220810142142.0 |
| 008 - DATOS DE LONGITUD FIJA--INFORMACIÓN GENERAL |
| campo de control de longitud fija |
121023s2012 dr a 001 0 spa d |
| 020 ## - NÚMERO INTERNACIONAL ESTÁNDAR DEL LIBRO |
| Número Internacional Estándar del Libro |
978994588308 |
| 040 ## - FUENTE DE LA CATALOGACIÓN |
| Centro catalogador/agencia de origen |
DO-SdBNP |
| Lengua de catalogación |
spa |
| Centro/agencia transcriptor |
BNPHU |
| 082 #4 - NÚMERO DE LA CLASIFICACIÓN DECIMAL DEWEY |
| Número de clasificación |
972.9301 |
| Número de documento/Ítem |
T134o |
| Número de edición |
22 |
| 245 00 - MENCIÓN DE TÍTULO |
| Título |
Taínos : orígenes, cultura, creencias, arte, herencia / |
| Mención de responsabilidad, etc. |
Manuel García Arévalo ... [et a.l]. |
| 260 ## - PUBLICACIÓN, DISTRIBUCIÓN, ETC. |
| Lugar de publicación, distribución, etc. |
Santo Domingo : |
| Nombre del editor, distribuidor, etc. |
Odebrecht, |
| Fecha de publicación, distribución, etc. |
2012. |
| 300 ## - DESCRIPCIÓN FÍSICA |
| Extensión |
267 p. : |
| Otras características físicas |
il ; |
| Dimensiones |
32 cm. |
| 505 0# - NOTA DE CONTENIDO CON FORMATO |
| Título |
Prólogo -- |
| -- |
Las culturas iniciales de la isla de Santo Domingo -- |
| -- |
Cultura taína -- |
| -- |
Religión y mitología taínas -- |
| -- |
El arte taíno |
| -- |
El arte rupestre prehispánico en La Española -- |
| -- |
Lo que heredamos de los taínos -- |
| -- |
Glosario-- |
| -- |
Biliografía -- |
| -- |
Índice fotográfico -- |
| -- |
Los autores. |
| 590 ## - NOTA LOCAL (RLIN) |
| Nota local |
Inventariado, 2022/MFF |
| 650 #4 - PUNTO DE ACCESO ADICIONAL DE MATERIA--TÉRMINO DE MATERIA |
| Término de materia o nombre geográfico como elemento de entrada |
Arte taíno |
| 9 (RLIN) |
82167 |
| 650 #4 - PUNTO DE ACCESO ADICIONAL DE MATERIA--TÉRMINO DE MATERIA |
| Término de materia o nombre geográfico como elemento de entrada |
Arqueología taína |
| 9 (RLIN) |
82168 |
| 650 #4 - PUNTO DE ACCESO ADICIONAL DE MATERIA--TÉRMINO DE MATERIA |
| Término de materia o nombre geográfico como elemento de entrada |
Mitología taína |
| 9 (RLIN) |
77708 |
| 650 #4 - PUNTO DE ACCESO ADICIONAL DE MATERIA--TÉRMINO DE MATERIA |
| Término de materia o nombre geográfico como elemento de entrada |
Taínos |
| Subdivisión geográfica |
República Dominicana |
| 9 (RLIN) |
82169 |
| 700 1# - PUNTO DE ACCESO ADICIONAL--NOMBRE DE PERSONA |
| Nombre de persona |
García Arévalo, Manuel Antonio |
| Fechas asociadas al nombre |
1948- |
| 9 (RLIN) |
59457 |
| 910 ## - DATOS DE OPCIÓN DEL USUARIO (OCLC) |
| Datos de opción del usuario |
Validado. Control de calidad MFF |
| 942 ## - ELEMENTOS DE PUNTO DE ACCESO ADICIONAL (KOHA) |
| Fuente del sistema de clasificación o colocación |
Dewey Decimal Classification |
| Tipo de ítem Koha |
Libro |